[Event "GER-chT U20"]
[Site "Magdeburg"]
[Date "2023.12.29"]
[Round "6.7"]
[White "Epp, Magnus"]
[Black "Rasch, Lukas"]
[Result "0-1"]
[WhiteElo "1478"]
[BlackElo "1663"]
[PlyCount "106"]
[EventDate "2023.12.26"]
[EventType "team-swiss"]
[EventRounds "7"]
[EventCountry "GER"]
[SourceTitle "CBM 218 Extra"]
[Source "ChessBase"]
[SourceDate "2024.03.31"]
[SourceVersion "1"]
[SourceVersionDate "2024.03.31"]
[SourceQuality "1"]
[WhiteTeam "Biberach"]
[BlackTeam "Essen Katernberg"]
[WhiteTeamCountry "GER"]
[BlackTeamCountry "GER"]

1. d4 Nf6 2. Bf4 c5 3. c3 e6 4. dxc5 Bxc5 5. Nd2 0-0 6. e3 d5 7. Bd3 a6 8. Qc2 Nbd7 9. Ngf3 Re8 10. Ne5 Nf8 11. Ndf3 Ng6 12. Bg3 Bd6 13. Bxg6 hxg6 14. Bh4 Qc7 15. Bxf6 gxf6 16. Ng4 Kg7 17. h4 Rh8 18. g3 Bxg3 19. 0-0-0 f5 20. h5 gxh5 21. Rdg1 hxg4 22. Rxh8 Kxh8 23. Rxg3 Kg7 24. Qd2 Kf6 25. Nh2 Ke7 26. e4 dxe4 27. Qg5+ Kd6 28. Rg1 Kc6 29. Nf1 Kb6 30. Qf6 Ka7 31. Rh1 Qf4+ 32. Ne3 Qxf2 33. Qd4+ b6 34. Rf1 Qg3 35. Nc4 Qc7 36. a4 Qc5 37. Qxc5 bxc5 38. Nd6 Bb7 39. Nxf7 Rf8 40. Ng5 Bd5 41. Kd2 Rb8 42. Ke3 Rxb2 43. Kf4 Bc4 44. Rd1 Kb6 45. Rd6+ Kc7 46. Ke5 e3 47. Nxe6+ Bxe6 48. Rxe6 Rf2 49. Kd5 e2 50. Kxc5 Kd7 51. Re5 g3 52. Kb6 g2 53. Kxa6 g1Q 0-1

[Event "GER-chT U16"]
[Site "Willingen"]
[Date "2021.06.25"]
[Round "4.9"]
[White "Rasch, Lukas"]
[Black "Guelsen, Sinan Yilmaz"]
[Result "1-0"]
[WhiteElo "1591"]
[BlackElo "1357"]
[PlyCount "105"]
[EventDate "2021.06.23"]
[EventType "team-swiss"]
[EventRounds "7"]
[EventCountry "GER"]
[SourceTitle "CBM 203 Extra"]
[Source "ChessBase"]
[SourceDate "2021.09.30"]
[SourceVersion "1"]
[SourceVersionDate "2021.09.30"]
[SourceQuality "1"]
[WhiteTeam "Essen Katernberg"]
[BlackTeam "Karlsruhe SF"]
[WhiteTeamCountry "GER"]
[BlackTeamCountry "GER"]

1. c4 e5 2. e3 Nf6 3. a3 c5 4. d3 Nc6 5. Nf3 d6 6. Be2 g6 7. b3 Bg7 8. Bb2 a6 9. Nc3 Bd7 10. 0-0 0-0 11. Re1 Re8 12. Nd2 Be6 13. Bf3 d5 14. cxd5 Nxd5 15. Nc4 Nxc3 16. Bxc3 Bxc4 17. dxc4 e4 18. Bxg7 Kxg7 19. Be2 Re7 20. Qc2 f5 21. Red1 Rd7 22. Rxd7+ Qxd7 23. Rd1 Qe7 24. Rd5 Rd8 25. Qd2 a5 26. g4 Qf6 27. Kg2 h6 28. gxf5 gxf5 29. Rd7+ Kg6 30. h4 h5 31. Qd5 Rxd7 32. Qxd7 Qe7 33. Qd5 Ne5 34. Qg8+ Qg7 35. Bxh5+ Kh6+ 36. Qxg7+ Kxg7 37. Be2 Kh6 38. Kg3 Nd3 39. f3 Nc1 40. Bd1 exf3 41. Kxf3 Kg6 42. Bc2 Kf6 43. e4 fxe4+ 44. Kxe4 Ne2 45. Kd5 b6 46. Kd6 Nd4 47. Bd1 Kf5 48. a4 Ke4 49. Kc7 Kd3 50. Kxb6 Nxb3 51. Bxb3 Kc3 52. Kb5 Kxb3 53. h5 1-0

[Event "GER-chT U14"]
[Site "Magdeburg"]
[Date "2019.12.30"]
[Round "7.3"]
[White "Rasch, Lukas"]
[Black "Gerber, Anna Sophie"]
[Result "0-1"]
[WhiteElo "1596"]
[BlackElo "1513"]
[PlyCount "78"]
[EventDate "2019.12.27"]
[EventType "team-swiss"]
[EventRounds "7"]
[EventCountry "GER"]
[SourceTitle "CBM 194 Extra"]
[Source "ChessBase"]
[SourceDate "2020.03.31"]
[SourceVersion "1"]
[SourceVersionDate "2020.03.31"]
[SourceQuality "1"]
[WhiteTeam "Essen Katernberg"]
[BlackTeam "Gera"]
[WhiteTeamCountry "GER"]
[BlackTeamCountry "GER"]

1. b3 d5 2. Bb2 Nf6 3. e3 e6 4. f4 Be7 5. Nf3 b6 6. Bb5+ c6 7. Bd3 Ba6 8. 0-0 0-0 9. Qe2 Bxd3 10. cxd3 c5 11. d4 Nc6 12. dxc5 Bxc5 13. d3 Ng4 14. Nd4 Bxd4 15. Bxd4 Nxd4 16. exd4 Qf6 17. Qb2 h5 18. Nd2 Rac8 19. Rf3 Rc7 20. h3 Nh6 21. Rc1 Rxc1+ 22. Qxc1 Qxd4+ 23. Kh2 Nf5 24. Nf1 Nh4 25. Rg3 Qf2 26. a3 Ng6 27. Rf3 Qd4 28. g3 h4 29. g4 e5 30. f5 e4 31. dxe4 dxe4 32. Qe3 Qe5+ 33. Kg1 exf3 34. fxg6 Qxe3+ 35. Nxe3 fxg6 36. Kf2 Rf7 37. Nc4 Rd7 38. Ke3 f2 39. Kxf2 Rd3 0-1